• 首页
  • 本馆介绍
  • 公告通知
  • 最新文献
  • 馆藏检索
  • 电子资源
  • 读者导购
  • 参考咨询
  • 我的图书馆
  • 登录
  • 详细信息显示
  • 放入我的书架
  • 预约/预借图书
  • 作者相关作品
  • 分类相关作品
  • 丛书相关作品
  • 出版社相关作品

书目信息

  • 表格格式
  • 工作单格式
  • 卡片格式
题名:
数据结构习题与解答
    
 
作者: 朱小谷 , 吕士俊 , 张曼 编著
分册:  
出版信息: 北京   兵器工业出版社  2005
页数: 202页
开本: 26cm
丛书名:
单 册:
中图分类: TP311.12-44
科图分类:
主题词: 数据结构 , 数据结构--解题--高等学校
电子资源:
ISBN: 7-80172-469-0
000 00916nam0 2200265 450
001 002945622
005 20061108150132.34
010    @a7-80172-469-0@dCNY18.00
100    @a20050616d2005 em y0chiy0110 ea
101 0  @achi
102    @aCN@b110000
105    @ay zq 000yy
200 1  @a数据结构习题与解答@9shu ju jie gou xi ti yu jie da@f张曼,朱小谷,吕士俊编著
210    @a北京@c兵器工业出版社@c北京希望电子出版社@d2005
215    @a202页@d26cm
300    @a21世纪高等院校计算机基础系列教材
330    @a本书内容包括线性表、队列、串、数组、树、图、查找等在内的各种数据结构和文件的基本概念,逻辑结构与存储结构等。
606 0  @a数据结构
606 0  @a数据结构@x解题@x高等学校
690    @aTP311.12-44@v4
701  0 @a朱小谷@9zhu xiao gu@c(编辑)@4编著
701  0 @a吕士俊@9lv shi jun@4编著
701  0 @a张曼@9zhang man@c(计算机)@4编著
801  0 @aCN@bNLC@c20061108
905    @a10447@dTP311.12-44@e224
    
    数据结构习题与解答/张曼,朱小谷,吕士俊编著.-北京:兵器工业出版社:北京希望电子出版社,2005
    202页;26cm
    21世纪高等院校计算机基础系列教材
    
    ISBN 7-80172-469-0:CNY18.00
    本书内容包括线性表、队列、串、数组、树、图、查找等在内的各种数据结构和文件的基本概念,逻辑结构与存储结构等。
●
相关链接 在E读中查询图书 在五车中查询图书 在当当中查询图书 在豆瓣中查询图书


正题名:数据结构习题与解答     索取号:TP311.12-44/224         预约/预借

序号 登录号 条形码 馆藏地/架位号 状态 备注
1 0384766   203847668   第二样本阅览室/ [索取号:TP311.12-44/224] 在馆    
2 0384767   203847677   第三借阅区/ [索取号:TP311.12-44/224] 在馆    
3 0384768   203847686   第三借阅区/ [索取号:TP311.12-44/224] 在馆    
4 0384769   203847695   第三借阅区/ [索取号:TP311.12-44/224] 在馆    
5 0384770   203847702   第三借阅区/ [索取号:TP311.12-44/224] 在馆    
唐山师范学院图书馆 欢迎您!
大连网信软件有限公司© 版权所有